000 00548nam a2200217Ia 4500
005 20240228095747.0
008 131103s9999 xx 000 0 und d
020 _cRs.60
040 _aLoreto College
041 _aEnglish
082 _a370.954
_bNAI
100 _aNaik,J.P.
245 _aPolicy and Performance in Indian Education,
_cJ.P.Naik
260 _aDelhi
_bK.G.Saiyidain Memorial Trust
_c1975
300 _aiii,112 p.
504 _aIncludes index
650 _aEducation
651 _aIndia
850 _aLCLIB
942 _cBK
999 _c9171
_d59650